Raspberry Pi / (Record no. 356181)
[ view plain ]
| 000 -LEADER | |
|---|---|
| fixed length control field | 00419nam a22001697a 4500 |
| 005 - DATE AND TIME OF LATEST TRANSACTION | |
| control field | 20210813151504.0 |
| 008 - FIXED-LENGTH DATA ELEMENTS--GENERAL INFORMATION | |
| fixed length control field | 180223b ||||| |||| 00| 0 eng d |
| 020 ## - INTERNATIONAL STANDARD BOOK NUMBER | |
| International Standard Book Number | 9781118795484 |
| 040 ## - CATALOGING SOURCE | |
| Transcribing agency | c |
| 082 ## - DEWEY DECIMAL CLASSIFICATION NUMBER | |
| Classification number | 004.16 |
| Author Mark | UPT |
| 100 ## - MAIN ENTRY--PERSONAL NAME | |
| Personal name | Upton, Eben |
| 9 (RLIN) | 8095 |
| 245 ## - TITLE STATEMENT | |
| Title | Raspberry Pi / |
| Statement of responsibility, etc. | Eben Upton |
| 260 ## - PUBLICATION, DISTRIBUTION, ETC. | |
| Place of publication, distribution, etc. | New York : |
| Name of publisher, distributor, etc. | Wiley, |
| Date of publication, distribution, etc. | 2014. |
| 300 ## - PHYSICAL DESCRIPTION | |
| Extent | 298 p. ; |
| Dimensions | 24 cm. |
| 500 ## - GENERAL NOTE | |
| General note | Paperback. |
| 942 ## - ADDED ENTRY ELEMENTS (KOHA) | |
| Source of classification or shelving scheme | |
| Koha item type | Book |
| Withdrawn status | Lost status | Source of classification or shelving scheme | Damaged status | Not for loan | Permanent Location | Current Location | Shelving location | Date acquired | Full call number | Barcode | Date last seen | Price effective from | Koha item type | Public note |
|---|---|---|---|---|---|---|---|---|---|---|---|---|---|---|
| School of Mechanical & Manufacturing Engineering (SMME) | School of Mechanical & Manufacturing Engineering (SMME) | General Stacks | 02/23/2018 | 004.16 UPT | SMME-3365 | 03/30/2018 | 02/23/2018 | Book | Rack,50-Shelf,2 |
